Perayaan orang cina
| Main Author: | |
|---|---|
| Format: | Book |
| Published: |
Petaling Jaya :
Pelanduk Publications (M) Sdn.Bhd. ,
1988
|
| Subjects: |
MARC
| LEADER | 00000cam a2200000 7i4500 | ||
|---|---|---|---|
| 001 | 0000006898 | ||
| 002 | 000007430 | ||
| 005 | 20060215.0 | ||
| 020 | |a 9679782220 | ||
| 090 | 0 | 0 | |a 394.2 |b SUM |
| 100 | 0 | |a Sumathy | |
| 245 | 1 | 0 | |a Perayaan orang cina |c Sumathy |
| 260 | |a Petaling Jaya : |b Pelanduk Publications (M) Sdn.Bhd. , |c 1988 | ||
| 300 | |a 22 p. : |b ill. ; |c 17 cm. | ||
| 650 | 0 | 0 | |a Children's stories |
| 999 | |a 0011145 |b BUKU |c PINJAMAN |e PERPUSTAKAAN KOMUNITI PETALING JAYA | ||